| 000 | 00736nam a2200265 u 4500 | ||
|---|---|---|---|
| 003 | MX-MxUPN | ||
| 005 | 20240522181814.0 | ||
| 008 | 190917s2012 mx o ar 000 0 spa d | ||
| 020 | _a9786074005813 | ||
| 035 | _aUPN01000232880 | ||
| 040 |
_aMX-MxUPN _bspa |
||
| 041 | 0 | _aspa | |
| 050 | 4 |
_aQC495.5 _bP75 2012 |
|
| 100 | 1 |
_aPriddy, Roger _936518 |
|
| 100 | 1 |
_aTainsh, Robert _951906 |
|
| 245 | 1 | 0 | _aColores |
| 260 |
_aMéxico : _bOceano, _c2012 |
||
| 300 |
_a1 volumen, 1 hoja plegable : _bfotografías a color |
||
| 490 | 0 | _aDesplegable | |
| 650 | 2 |
_921262 _aColores _vLiteratura infantil |
|
| 650 | 4 |
_951814 _aLibros tridimensionales |
|
| 902 | _bVíctorGodínez/220524 | ||
| 942 |
_2lcc _cLIBRO |
||
| 999 |
_c204975 _d204975 |
||